[Event "15th BCC Open 2015"]
[Site "Pattaya THA"]
[Date "2015.04.16"]
[Round "6.4"]
[White "Short, Nigel D"]
[Black "Schebler, Gerhard"]
[Result "1-0"]
[WhiteTitle "GM"]
[BlackTitle "GM"]
[WhiteElo "2664"]
[BlackElo "2451"]
[WhiteFideId "400025"]
[BlackFideId "4603338"]
[EventDate "2015.04.12"]
[EventType "swiss"]

1. e4 e5 2. Nf3 Nc6 3. Bb5 f5 4. d4 fxe4 5. Bxc6 dxc6 6. Nxe5 Nf6 7. Nc3 Bb4 8.
O-O O-O 9. Bg5 Qe8 10. Qe2 Bxc3 11. bxc3 h6 12. Bxf6 gxf6 13. Nc4 Qg6 14. Rae1
Bf5 15. Ne3 Rae8 16. Qd2 Kh7 17. f3 Bc8 18. Rf2 exf3 19. Rxf3 Rg8 20. Qf2 Rgf8
21. Kh1 Bd7 22. Rf1 Re6 23. Rg3 Qh5 24. Qf4 Rf7 1-0

[Event "15th BCC Open 2015"]
[Site "Pattaya THA"]
[Date "2015.04.16"]
[Round "6.5"]
[White "Ganguly, Surya Shekhar"]
[Black "Palit, Somak"]
[Result "1-0"]
[WhiteTitle "GM"]
[BlackTitle "IM"]
[WhiteElo "2603"]
[BlackElo "2415"]
[WhiteFideId "5002150"]
[BlackFideId "5010454"]
[EventDate "2015.04.12"]
[EventType "swiss"]

1. e4 d6 2. d4 Nf6 3. Nc3 e5 4. Nf3 Nbd7 5. Bc4 Be7 6. a4 O-O 7. O-O c6 8. h3 b6
9. Qe2 Bb7 10. Rd1 Qc7 11. Ba2 a6 12. Nh4 b5 13. Nf5 Rfe8 14. Bg5 exd4 15. Rxd4
d5 16. exd5 Bc5 17. d6 Qb8 18. Re4 Nxe4 19. Nxe4 Re5 20. Qg4 h5 21. Bxf7+ Kxf7
22. Qxh5+ Kg8 23. Nh6+ Kh7 24. Ng4+ Kg8 25. Ngf6+ 1-0

[Event "15th BCC Open 2015"]
[Site "Pattaya THA"]
[Date "2015.04.16"]
[Round "6.6"]
[White "Rasmussen, Allan Stig"]
[Black "Bersamina, Paulo"]
[Result "1/2-1/2"]
[WhiteTitle "GM"]
[BlackTitle "IM"]
[WhiteElo "2532"]
[BlackElo "2359"]
[WhiteFideId "1406000"]
[BlackFideId "5206995"]
[EventDate "2015.04.12"]
[EventType "swiss"]

1. d4 Nf6 2. c4 c5 3. d5 e5 4. Nc3 d6 5. e4 Be7 6. g3 O-O 7. Bg2 Ne8 8. Nge2 Bg5
9. f4 exf4 10. gxf4 Bh4+ 11. Ng3 Bf6 12. O-O Bd4+ 13. Kh1 g6 14. Qe2 Nd7 15. Be3
Bg7 16. Rae1 a6 17. a4 Qh4 18. Qf2 Kh8 19. Nge2 Qxf2 20. Bxf2 f5 21. exf5 gxf5
22. Bh4 Bf6 23. Bxf6+ Ndxf6 24. Ng3 Ng7 25. Re7 Bd7 26. Bh3 Rae8 27. Rfe1 Kg8
28. Rxe8 Rxe8 29. Rxe8+ Nfxe8 30. a5 Kf7 31. Kg2 Nc7 32. b3 Na8 33. Kf2 b6 34.
axb6 Nxb6 35. Ke3 Kg6 36. Kd3 Nh5 37. Nce2 a5 38. Nxh5 Kxh5 39. Ng3+ Kg6 40. Bf1
a4 41. bxa4 Bxa4 42. Be2 Bb3 43. Kc3 Ba4 44. Bh5+ Kf6 45. Nf1 Bd7 46. Nd2 Ba4
47. Nf1 Bd7 48. Ne3 Nc8 49. Ng2 Nb6 50. Nh4 Na4+ 51. Kc2 Nb6 52. Kb3 Bc8 53. Ng2
Bd7 54. Nh4 Bc8 55. Nf3 Bd7 56. Nh4 1/2-1/2

[Event "15th BCC Open 2015"]
[Site "Pattaya THA"]
[Date "2015.04.16"]
[Round "6.7"]
[White "Himanshu, Sharma"]
[Black "Laylo, Darwin"]
[Result "1-0"]
[WhiteTitle "IM"]
[BlackTitle "GM"]
[WhiteElo "2432"]
[BlackElo "2499"]
[WhiteFideId "5007836"]
[BlackFideId "5201330"]
[EventDate "2015.04.12"]
[EventType "swiss"]

1. e4 c6 2. Ne2 g6 3. d4 Bg7 4. Nbc3 d5 5. e5 h5 6. Bf4 Nh6 7. Qd2 a5 8. h4 a4
9. Ng3 Qb6 10. Be2 Nd7 11. O-O Nf8 12. b3 Ne6 13. Nxa4 Qa7 14. c3 Nxf4 15. Qxf4
Ng4 16. Qf3 O-O 17. Qd3 b5 18. Nb2 Qa3 19. Qc2 Nh6 20. b4 Bf5 21. Bd3 Bxd3 22.
Nxd3 e6 23. Nc5 Qa7 24. Qd2 Ng4 25. Ne2 Qe7 26. g3 Ra3 27. Nc1 Rfa8 28. N1b3 Qa7
29. Nd3 Bh6 30. Qb2 Qb6 31. Rfe1 Bf8 32. Kg2 Nh6 33. Re2 R8a4 34. Ne1 Qa7 35.
Nc1 Ra6 36. Nc2 R3a4 37. a3 Nf5 38. Nd3 Qa8 39. f3 Be7 40. Qc1 Ra7 41. Nc5 Bxc5
42. dxc5 Qd8 43. Qf4 Kg7 44. Rd1 Rd7 45. Kh3 Ra8 46. Rd3 Qe7 47. Qd2 Rda7 48.
Kg2 Kh7 49. Kf2 Rg8 50. Qg5 Qxg5 51. hxg5 Kg7 52. Re1 Kf8 53. g4 Ne7 54. Rh1 Rh8
55. f4 Kg7 56. Rdh3 Raa8 57. gxh5 gxh5 58. Rxh5 Rxh5 59. Rxh5 Nf5 60. Rh3 Ra6
61. Kf3 Ra8 62. Kg4 Ra6 63. Rd3 Ra8 64. Nd4 Ne7 65. f5 exf5+ 66. Nxf5+ Nxf5 67.
Kxf5 Rxa3 68. e6 fxe6+ 69. Kxe6 Kg6 70. Kd6 Ra6 71. Kc7 1-0

[Event "15th BCC Open 2015"]
[Site "Pattaya THA"]
[Date "2015.04.16"]
[Round "6.8"]
[White "Barbosa, Oliver"]
[Black "Lorparizangeneh, Shahin"]
[Result "1/2-1/2"]
[WhiteTitle "GM"]
[BlackTitle "FM"]
[WhiteElo "2501"]
[BlackElo "2319"]
[WhiteFideId "5201640"]
[BlackFideId "12521604"]
[EventDate "2015.04.12"]
[EventType "swiss"]

1. c4 g6 2. Nc3 c5 3. g3 Bg7 4. Bg2 Nc6 5. d3 e6 6. e4 Nge7 7. Nge2 d6 8. O-O
O-O 9. Rb1 b6 10. Be3 Nd4 11. b4 Bb7 12. Qd2 Qd7 13. Bh6 Bxh6 14. Qxh6 f5 15.
Qd2 e5 16. f4 fxe4 17. dxe4 cxb4 18. Rxb4 Nec6 19. Rbb1 Ba6 20. Qd3 Rac8 21. Rf2
Qe6 22. Nxd4 Nxd4 23. Nb5 Bxb5 24. cxb5 Qc4 25. Qxc4+ Rxc4 26. f5 gxf5 27. exf5
Kg7 28. g4 Kf6 29. h4 h6 30. Kh2 Rfc8 31. Rg1 Rg8 32. Bh3 Rc3 33. Rd1 Nxb5 34.
Rd5 Rc5 35. Rfd2 Rd8 36. Rxc5 bxc5 37. Rb2 Nd4 38. Rb7 e4 39. Kg3 Ne2+ 40. Kf2
Nf4 41. Bf1 Rg8 42. Kg3 Nh5+ 43. Kh3 Nf4+ 44. Kg3 Nh5+ 45. Kh3 Nf4+ 46. Kg3 1/2-1/2

[Event "15th BCC Open 2015"]
[Site "Pattaya THA"]
[Date "2015.04.16"]
[Round "6.9"]
[White "Swapnil, S. Dhopade"]
[Black "Illingworth, Max"]
[Result "0-1"]
[WhiteTitle "IM"]
[BlackTitle "IM"]
[WhiteElo "2450"]
[BlackElo "2489"]
[WhiteFideId "5019184"]
[BlackFideId "3205207"]
[EventDate "2015.04.12"]
[EventType "swiss"]

1. d4 d5 2. c4 c6 3. Nc3 e6 4. e3 Bd6 5. Bd2 f5 6. g4 Nh6 7. gxf5 Nxf5 8. Qc2
O-O 9. O-O-O Bd7 10. Bd3 Qf6 11. Nge2 Na6 12. a3 Be8 13. e4 dxc4 14. Bxc4 Nxd4
15. Nxd4 Qxd4 16. Bxa6 bxa6 17. Be3 Qe5 18. f4 Rxf4 19. Bxf4 Qxf4+ 20. Kb1 Rb8
21. Ka1 Be5 22. Rd2 c5 23. Rhd1 Bd4 24. Rxd4 cxd4 25. Rxd4 h6 26. Rd2 a5 27. Qd3
Rc8 28. Rc2 Qe5 29. Qa6 Rc7 30. Ka2 Bb5 0-1

[Event "15th BCC Open 2015"]
[Site "Pattaya THA"]
[Date "2015.04.16"]
[Round "6.10"]
[White "Kunte, Abhijit"]
[Black "Ritviz, Parab"]
[Result "1-0"]
[WhiteTitle "GM"]
[WhiteElo "2485"]
[BlackElo "2188"]
[WhiteFideId "5002265"]
[BlackFideId "5073367"]
[EventDate "2015.04.12"]
[EventType "swiss"]

1. d4 Nf6 2. c4 g6 3. g3 c6 4. Nf3 Bg7 5. Bg2 d5 6. Qb3 O-O 7. O-O dxc4 8. Qxc4
Bf5 9. Nc3 Nbd7 10. e3 Nb6 11. Qb3 Ne4 12. Rd1 Qc7 13. Ne2 Rfd8 14. Nh4 Be6 15.
Qc2 Nd6 16. e4 Nb5 17. Nf3 Bg4 18. Bf4 Qc8 19. Be3 Qe6 20. b3 Nd6 21. Ng5 Qc8
22. Rac1 Bxe2 23. Qxe2 h6 24. Nh3 Nxe4 25. Bf4 Nf6 26. Qxe7 Nfd5 27. Qe4 Re8 28.
Qd3 Nxf4 29. Nxf4 Qd8 30. d5 cxd5 31. Nxd5 Rc8 32. Rxc8 Nxc8 33. Ne3 Qe7 34. Qd7
Nb6 35. Qxb7 Qa3 36. Bc6 Rf8 37. Ba4 Nxa4 38. Qxa7 Qxa2 39. bxa4 Re8 40. a5 Re6
41. Rd8+ Bf8 42. Qc5 Qa1+ 43. Kg2 Qg7 44. Nd5 h5 45. Nc7 Re2 46. a6 h4 47. Qxf8+ 1-0

[Event "15th BCC Open 2015"]
[Site "Pattaya THA"]
[Date "2015.04.17"]
[Round "7.2"]
[White "Horvath, Jozsef1"]
[Black "Vallejo Pons, Francisco"]
[Result "1/2-1/2"]
[WhiteTitle "GM"]
[BlackTitle "GM"]
[WhiteElo "2527"]
[BlackElo "2708"]
[WhiteFideId "700061"]
[BlackFideId "2205530"]
[EventDate "2015.04.12"]

1. Nf3 b6 2. g3 Bb7 3. Bg2 c5 4. c4 g6 5. Nc3 Bg7 6. b3 Bxc3 7. dxc3 d6 8. Qc2
Qd7 9. e4 Nc6 10. Be3 e5 11. h4 f6 12. Bh3 Qc7 13. h5 g5 14. O-O-O Nd8 15. Nh2
Qe7 16. f3 Nh6 17. Bf2 Ndf7 18. g4 a6 19. Nf1 Nd8 20. Qd2 Kd7 21. Ne3 Ne6 22.
Nd5 Bxd5 23. cxd5 Nf4 24. Kc2 b5 25. Bf1 Qd8 26. Ra1 Qc7 27. Be3 Rhb8 28. c4 Qb7
29. Kd1 Nf7 30. Ke1 Ke7 31. Kf2 Qc7 32. Kg1 Rb7 33. Rh2 Rab8 34. Qd1 Nd8 35. Rc2
b4 36. Rb2 a5 37. a4 Nf7 38. Rh2 Qd7 39. Raa2 Rg8 40. Bd3 Nh6 41. Bb1 Rbb8 42.
Kh1 Rbf8 1/2-1/2

[Event "15th BCC Open 2015"]
[Site "Pattaya THA"]
[Date "2015.04.17"]
[Round "7.3"]
[White "Illingworth, Max"]
[Black "Short, Nigel D"]
[Result "1/2-1/2"]
[WhiteTitle "IM"]
[BlackTitle "GM"]
[WhiteElo "2489"]
[BlackElo "2664"]
[WhiteFideId "3205207"]
[BlackFideId "400025"]
[EventDate "2015.04.12"]

1. e4 e5 2. Nf3 Nc6 3. Bb5 a6 4. Ba4 Nf6 5. O-O Nxe4 6. d4 b5 7. Bb3 d5 8. dxe5
Be6 9. c3 Bc5 10. Nbd2 O-O 11. Bc2 Nxf2 12. Rxf2 f6 13. exf6 Bxf2+ 14. Kxf2 Qxf6
15. Nf1 Ne5 16. Be3 Rae8 17. Bc5 Nxf3 18. gxf3 Rf7 19. Kg1 Qxf3 20. Qxf3 Rxf3
21. Re1 g6 22. Re3 Rxe3 23. Nxe3 a5 24. Bd3 c6 25. Kf2 a4 26. Nc2 Bd7 27. Nd4
Kf7 28. Nf3 Bg4 29. Nd4 Bd7 30. b3 axb3 31. axb3 h6 32. Nf3 Bg4 33. Bd4 Bxf3 34.
Kxf3 Re1 35. b4 Rh1 36. Kg3 Re1 37. Kf4 Rh1 38. Kg3 Re1 39. Kf2 Rh1 40. Kg2 Re1
41. Bf1 Re4 42. Kf3 g5 43. Bh3 Ke7 44. Bc5+ Ke8 45. Bd4 Ke7 46. Kg3 h5 47. Bf5
Rf4 48. Bg6 Rg4+ 49. Kf3 Rh4 50. Kg2 Rg4+ 51. Kh1 Rh4 52. Bf2 Rh3 53. Bc5+ Ke6
54. Bd4 g4 55. Kg2 Ke7 56. Bg7 Kd7 57. Be5 Ke6 58. Bd4 Ke7 59. Bg7 Kd7 60. Bf5+
Ke7 61. Be5 Re3 62. Bd4 Rf3 63. Bg6 Rh3 64. Bg7 1/2-1/2

[Event "15th BCC Open 2015"]
[Site "Pattaya THA"]
[Date "2015.04.17"]
[Round "7.4"]
[White "Gustafsson, Jan"]
[Black "Himanshu, Sharma"]
[Result "1-0"]
[WhiteTitle "GM"]
[BlackTitle "IM"]
[WhiteElo "2639"]
[BlackElo "2432"]
[WhiteFideId "4625498"]
[BlackFideId "5007836"]
[EventDate "2015.04.12"]

1. d4 d5 2. c4 c6 3. Nf3 Nf6 4. Nc3 a6 5. e3 b5 6. b3 Bg4 7. Be2 e6 8. h3 Bh5 9.
g4 Bg6 10. Ne5 Be7 11. h4 Ne4 12. Nxe4 Bxe4 13. f3 Bxh4+ 14. Kf1 Bg6 15. Nxg6
hxg6 16. Bd2 Rh6 17. Qc2 Nd7 18. cxd5 cxd5 19. Rc1 Be7 20. Rxh6 gxh6 21. Qc6 Kf8
22. Ba5 Qe8 23. a4 Nf6 24. Bc7 Qxc6 25. Rxc6 bxa4 26. bxa4 Ne8 27. Ba5 Bd8 28.
Bb4+ Be7 29. Ba5 Bd8 30. Bxd8 Rxd8 31. Rxa6 Nd6 32. a5 Ke7 33. Ke1 Rb8 34. Ra7+
Kf6 35. Rd7 Rb1+ 36. Kf2 Nc4 37. a6 Ra1 38. a7 Ra2 39. e4 Kg7 40. Rc7 h5 41.
gxh5 gxh5 42. Kg3 Kf6 43. e5+ Kg7 44. Bxc4 dxc4 45. d5 c3 1-0

[Event "15th BCC Open 2015"]
[Site "Pattaya THA"]
[Date "2015.04.17"]
[Round "7.5"]
[White "Deepan, Chakkravarthy J."]
[Black "Socko, Bartosz"]
[Result "1/2-1/2"]
[WhiteTitle "GM"]
[BlackTitle "GM"]
[WhiteElo "2476"]
[BlackElo "2623"]
[WhiteFideId "5011132"]
[BlackFideId "1107038"]
[EventDate "2015.04.12"]

1. c4 e5 2. Nc3 Nf6 3. d3 Bb4 4. g3 O-O 5. Bg2 c6 6. Nf3 Re8 7. O-O h6 8. a3 Bf8
9. e4 d6 10. d4 Nbd7 11. h3 a5 12. b3 a4 13. b4 exd4 14. Nxd4 Ne5 15. Qe2 c5 16.
bxc5 dxc5 17. Ndb5 Be6 18. Nd5 Nxd5 19. cxd5 Bd7 1/2-1/2

[Event "15th BCC Open 2015"]
[Site "Pattaya THA"]
[Date "2015.04.17"]
[Round "7.6"]
[White "Torre, Eugenio"]
[Black "Ganguly, Surya Shekhar"]
[Result "1/2-1/2"]
[WhiteTitle "GM"]
[BlackTitle "GM"]
[WhiteElo "2449"]
[BlackElo "2603"]
[WhiteFideId "5200016"]
[BlackFideId "5002150"]
[EventDate "2015.04.12"]

1. d4 Nf6 2. Nf3 g6 3. Nc3 d5 4. Bf4 Bg7 5. e3 O-O 6. Be2 c5 7. O-O cxd4 8. exd4
Nc6 9. Ne5 Bf5 10. Re1 Rc8 11. Bf3 Re8 12. Re2 Qb6 13. Nxc6 Qxc6 14. Be5 Red8
15. a4 Ne4 16. Bxe4 dxe4 17. Bxg7 Kxg7 18. Rd2 Qb6 19. Ra2 Rc4 20. a5 Qf6 21. d5
Qg5 22. Qe2 Bh3 23. g3 Rb4 24. Qe3 Qf5 25. b3 Bg4 26. h4 Bf3 27. Kh2 g5 28.
Qxg5+ Qxg5 29. hxg5 Rd6 30. Ne2 Rg6 31. Ng1 Bg4 32. Ra3 Rxg5 33. c4 Re5 34. Rb2
e3 35. f3 Bf5 36. Kg2 Bd3 37. Raa2 Kf6 38. f4 Re4 39. Kf3 h5 40. Ne2 Kf5 41. Nc1
Bf1 42. Rh2 e2 43. Rxh5+ Kf6 44. Nxe2 Bxe2+ 45. Rxe2 Rxe2 46. Kxe2 Rxb3 47. g4
Rc3 48. a6 Rxc4 49. axb7 Rb4 50. Rh6+ Kg7 51. Ra6 Rxb7 52. Ke3 f6 53. g5 fxg5
54. fxg5 Rb1 55. Rxa7 Kg6 56. Kd4 1/2-1/2

[Event "15th BCC Open 2015"]
[Site "Pattaya THA"]
[Date "2015.04.17"]
[Round "7.7"]
[White "Dragun, Kamil"]
[Black "Safranska, Anda"]
[Result "1-0"]
[WhiteTitle "GM"]
[BlackTitle "WGM"]
[WhiteElo "2558"]
[BlackElo "2128"]
[WhiteFideId "1134167"]
[BlackFideId "11600209"]
[EventDate "2015.04.12"]
[EventType "swiss"]

1. e4 g6 2. d4 Bg7 3. Nc3 c6 4. h3 d6 5. a4 Nd7 6. Be3 Qa5 7. Qd2 Ngf6 8. g4 e5
9. Nge2 O-O 10. Bg2 Re8 11. O-O Nf8 12. f4 exf4 13. Bxf4 Qd8 14. Rf2 h5 15. gxh5
Nxh5 16. Bg5 f6 17. Be3 Qe7 18. Bf3 Bxh3 19. Rh2 Be6 20. Bxh5 gxh5 21. Nf4 Bg4
22. Nxh5 Bxh5 23. Rxh5 d5 24. Qh2 dxe4 25. Kf2 Kf7 26. Rg1 Qd7 27. Qg3 Ne6 28.
Nxe4 Rg8 29. Rh7 Ke7 30. Nc5 Qd5 31. Qg6 Raf8 32. Nxe6 Kxe6 33. Rxg7 1-0

[Event "15th BCC Open 2015"]
[Site "Pattaya THA"]
[Date "2015.04.17"]
[Round "7.8"]
[White "Karthikeyan, P."]
[Black "Ghosh, Diptayan"]
[Result "0-1"]
[WhiteTitle "IM"]
[BlackTitle "IM"]
[WhiteElo "2452"]
[BlackElo "2512"]
[WhiteFideId "5018226"]
[BlackFideId "5045207"]
[EventDate "2015.04.12"]
[EventType "swiss"]

1. d4 Nf6 2. c4 g6 3. Nf3 Bg7 4. g3 c6 5. Bg2 d5 6. Qb3 O-O 7. O-O dxc4 8. Qxc4
Bf5 9. Nc3 Nbd7 10. Re1 Ne4 11. Qb3 Nb6 12. Bf4 Nxc3 13. bxc3 Be4 14. Bf1 Bxf3
15. exf3 e6 16. Be5 Bxe5 17. Rxe5 Nd7 18. Re3 Qc7 19. Rb1 b6 20. f4 Nf6 21. c4
Rfd8 22. Qb2 Kg7 23. a4 Rac8 24. a5 bxa5 25. Rb3 Qd6 26. Rb7 Rc7 27. Rxc7 Qxc7
28. Ra1 Qb6 29. Qc3 Qxd4 30. Qxd4 Rxd4 31. Rxa5 Rd7 32. Rc5 Rc7 33. Bg2 Kf8 34.
Rxc6 Rxc6 35. Bxc6 Ke7 36. f3 Kd6 37. Bb5 e5 38. Kf2 exf4 39. gxf4 Nd7 40. f5 g5
41. Kg3 f6 42. f4 gxf4+ 43. Kxf4 Ne5 44. Kg3 Kc5 45. Kh4 Nxc4 46. Ba6 Ne3 47.
Kh5 Kd4 48. Kh6 Ng4+ 49. Kg7 Ke5 50. h3 Ne3 51. Kxh7 Ng2 52. Kg7 Kxf5 53. Kf7
Ke5 54. Ke7 Nf4 55. h4 Ng6+ 56. Kd7 Nxh4 57. Kc7 f5 58. Kb7 f4 59. Kxa7 f3 60.
Kb6 Kd4 61. Kc6 f2 62. Kd6 Ng6 63. Bf1 Nf4 64. Ke7 Ke3 0-1

[Event "15th BCC Open 2015"]
[Site "Pattaya THA"]
[Date "2015.04.17"]
[Round "7.9"]
[White "Dimakiling, Oliver"]
[Black "Rasmussen, Allan Stig"]
[Result "0-1"]
[WhiteTitle "IM"]
[BlackTitle "GM"]
[WhiteElo "2400"]
[BlackElo "2532"]
[WhiteFideId "5202248"]
[BlackFideId "1406000"]
[EventDate "2015.04.12"]
[EventType "swiss"]

1. c4 e5 2. Nc3 Nc6 3. g3 Bc5 4. Bg2 a6 5. e3 Ba7 6. Nge2 d6 7. b3 h5 8. h4 Nf6
9. Bb2 Ng4 10. Ne4 Bf5 11. N2c3 Ne7 12. Qe2 Qd7 13. O-O-O Rb8 14. f3 Nh6 15. d4
exd4 16. exd4 O-O 17. Qd2 f6 18. Rde1 b5 19. Bf1 d5 20. Nc5 Bxc5 21. dxc5 bxc4
22. c6 Qd6 23. bxc4 d4 24. Ne4 Bxe4 25. Rxe4 Nxc6 26. g4 f5 27. gxf5 Nxf5 28.
Rg1 Ng3 29. Bd3 Rxf3 30. Ree1 Ne5 31. Rxe5 Qxe5 32. Kc2 Ne4 33. Re1 Rf2 34. Qxf2
Nxf2 0-1

[Event "15th BCC Open 2015"]
[Site "Pattaya THA"]
[Date "2015.04.18"]
[Round "8.2"]
[White "Vallejo Pons, Francisco"]
[Black "Illingworth, Max"]
[Result "1-0"]
[WhiteTitle "GM"]
[BlackTitle "IM"]
[WhiteElo "2708"]
[BlackElo "2489"]
[WhiteFideId "2205530"]
[BlackFideId "3205207"]
[EventDate "2015.04.12"]

1. d4 Nf6 2. c4 e6 3. Nf3 d5 4. Bg5 h6 5. Bxf6 Qxf6 6. Nbd2 g5 7. e3 Bg7 8. Rc1
O-O 9. Bd3 c6 10. g4 Nd7 11. h4 gxh4 12. cxd5 cxd5 13. Nxh4 e5 14. Nb3 e4 15.
Be2 Qg5 16. Ng2 Nf6 17. Nf4 Rd8 18. Kd2 Bf8 19. Qg1 Bd7 20. Nc5 Rac8 21. Nxd7
Bb4+ 22. Kd1 Rxc1+ 23. Kxc1 Rxd7 24. Qh2 Bf8 25. Nh3 Qh4 26. Qg2 Nh7 27. g5 Rd6
28. Bg4 Bg7 29. Bf5 Nf8 30. Kb1 Qh5 31. Bg4 Qg6 32. gxh6 Bxh6 33. Qh2 Rb6 34.
Nf4 Qd6 35. Bd1 Bg7 36. Bb3 Rb5 37. Qh5 Ne6 38. Nxd5 Kf8 39. Qf5 Nc7 40. Qc8+
Ne8 41. Nc3 Rb6 42. Ba4 Qe6 43. Bd7 Rc6 44. Qxc6 1-0

[Event "15th BCC Open 2015"]
[Site "Pattaya THA"]
[Date "2015.04.18"]
[Round "8.3"]
[White "Short, Nigel D"]
[Black "Horvath, Jozsef1"]
[Result "1-0"]
[WhiteTitle "GM"]
[BlackTitle "GM"]
[WhiteElo "2664"]
[BlackElo "2527"]
[WhiteFideId "400025"]
[BlackFideId "700061"]
[EventDate "2015.04.12"]

1. d4 d5 2. c4 e6 3. Nf3 Nf6 4. Bg5 Bb4+ 5. Nc3 dxc4 6. a3 Bxc3+ 7. bxc3 b5 8.
a4 c6 9. e4 h6 10. Bxf6 gxf6 11. Be2 Nd7 12. O-O Bb7 13. Qc1 Qc7 14. Qe3 a6 15.
Ra2 O-O-O 16. Rfa1 f5 17. exf5 exf5 18. Nh4 f4 19. Qh3 Kb8 20. axb5 axb5 21. Qf5
Nb6 22. Bf3 Rhe8 23. h3 Nd5 24. Ra3 Re6 25. Qb1 Nb6 26. Bg4 Re7 27. Nf3 Qd6 28.
Qa2 Kc7 29. Ra7 Na4 30. Qc2 Ra8 31. Rxa8 Bxa8 32. Ne5 Rxe5 33. dxe5 Qxe5 34. Qd2
Qd6 35. Qe1 Nb6 36. Qe8 Qf6 37. Re1 Qxc3 38. Qxf7+ 1-0

[Event "15th BCC Open 2015"]
[Site "Pattaya THA"]
[Date "2015.04.18"]
[Round "8.4"]
[White "Ghosh, Diptayan"]
[Black "Socko, Bartosz"]
[Result "1-0"]
[WhiteTitle "IM"]
[BlackTitle "GM"]
[WhiteElo "2512"]
[BlackElo "2623"]
[WhiteFideId "5045207"]
[BlackFideId "1107038"]
[EventDate "2015.04.12"]

1. d4 Nf6 2. c4 e6 3. Nc3 Bb4 4. Nf3 b6 5. Bg5 h6 6. Bh4 g5 7. Bg3 Ne4 8. Rc1
Bb7 9. Nd2 Bxc3 10. bxc3 Nxg3 11. hxg3 Qe7 12. e4 Nc6 13. Qa4 e5 14. c5 bxc5 15.
d5 Nd8 16. Nc4 Kf8 17. Ne3 d6 18. Ba6 Qe8 19. Qa5 Bxa6 20. Qxa6 h5 21. Rb1 Kg7
22. Kd2 Qd7 23. Rb3 c6 24. Rhb1 cxd5 25. exd5 Kg6 26. Rb8 Rxb8 27. Rxb8 f6 28.
Ra8 Nf7 29. Rxa7 Qc8 30. Qd3+ f5 31. Re7 c4 32. Qb1 Re8 33. Nxf5 Qb8 34. Rb7 1-0

[Event "15th BCC Open 2015"]
[Site "Pattaya THA"]
[Date "2015.04.18"]
[Round "8.5"]
[White "Ganguly, Surya Shekhar"]
[Black "Deepan, Chakkravarthy J."]
[Result "1-0"]
[WhiteTitle "GM"]
[BlackTitle "GM"]
[WhiteElo "2603"]
[BlackElo "2476"]
[WhiteFideId "5002150"]
[BlackFideId "5011132"]
[EventDate "2015.04.12"]

1. e4 c5 2. Nf3 e6 3. d4 cxd4 4. Nxd4 a6 5. Be2 Nf6 6. Nc3 Qc7 7. O-O Bc5 8. a4
Nc6 9. Nb3 Bb4 10. Qd3 O-O 11. f4 b6 12. e5 Ne8 13. Ne4 Be7 14. c3 Bb7 15. Rd1
Na5 16. Nxa5 bxa5 17. Nd6 Bc6 18. Be3 Bxd6 19. exd6 Qb7 20. Bf1 Nf6 21. Bd4 Ne4
22. Be2 Nxd6 23. Bc5 Nf5 24. Bxf8 Qb6+ 25. Kh1 Nh4 26. Qd4 Qxd4 27. Rxd4 Nxg2
28. Bd3 Kxf8 29. Be4 Bxe4 30. Rxe4 d5 31. Rd4 Ne3 32. Rd3 Nf5 33. b4 Rb8 34. Rb1
Nd6 35. Rdd1 Ne4 36. bxa5 Rc8 37. Rd4 Rxc3 38. Rb7 g6 39. Ra7 Nc5 40. Rb4 Kg7
41. Rc7 h5 42. h4 Rc2 43. Kg1 Kf6 44. Kf1 Kg7 45. Kg1 Kf6 46. Rb8 d4 47. Rf8 Kf5
48. Rfc8 Rc1+ 49. Kg2 Rc2+ 50. Kf1 Rc1+ 51. Ke2 d3+ 52. Kd2 Rc2+ 53. Ke3 Nb3 54.
Rxc2 dxc2 55. Rxc2 Kg4 56. Rc6 Kxh4 57. Rxa6 Kg3 58. Ra8 1-0

[Event "15th BCC Open 2015"]
[Site "Pattaya THA"]
[Date "2015.04.18"]
[Round "8.6"]
[White "Rasmussen, Allan Stig"]
[Black "Dragun, Kamil"]
[Result "0-1"]
[WhiteTitle "GM"]
[BlackTitle "GM"]
[WhiteElo "2532"]
[BlackElo "2558"]
[WhiteFideId "1406000"]
[BlackFideId "1134167"]
[EventDate "2015.04.12"]

1. e4 c5 2. Nf3 d6 3. d4 cxd4 4. Nxd4 Nf6 5. Nc3 a6 6. Be3 e5 7. Nb3 Be7 8. h3
O-O 9. g4 Be6 10. g5 Nfd7 11. h4 Nb6 12. Qd2 a5 13. a4 Nc6 14. Nd5 Bxd5 15. exd5
Nb4 16. Bxb6 Qxb6 17. c3 Na6 18. Qc2 f5 19. O-O-O Nc5 20. Nxc5 Qxc5 21. Kb1 Bd8
22. Rh2 Rc8 23. Bh3 g6 24. h5 e4 25. hxg6 hxg6 26. f3 exf3 27. Qd2 Qc4 28. Re1
Kg7 29. Re6 f2 30. Rxf2 Qh4 31. Rh2 Bxg5 32. Qe2 Qf4 33. Rf2 Qc4 34. Qd1 Qh4 35.
Rg2 Rce8 36. Bxf5 Rxe6 37. Bxe6 Qe4+ 38. Qc2 Rf1+ 39. Ka2 Qc4+ 40. b3 Qf4 41.
Kb2 Qe3 42. Re2 Qg3 43. Qe4 Bf6 44. Rc2 Re1 45. Qg4 Qe3 46. Bc8 Qd3 47. Qd7+ Re7
48. Qb5 Qxb5 49. axb5 b6 50. Be6 Rc7 51. Kc1 Bxc3 52. Kd1 Rc5 53. Ke2 Be5 54.
Rxc5 dxc5 55. Kd3 Kf6 56. Bg4 Kg5 57. Ke4 Bd6 58. Be2 Kh4 59. Bd3 Kg3 60. Ke3 g5
61. Ke4 g4 62. Kf5 Kf3 63. Ke6 g3 64. Bf1 Bf4 65. Kd7 c4 66. bxc4 a4 67. c5 a3
68. c6 a2 69. d6 a1=Q 70. c7 Qxf1 0-1

[Event "15th BCC Open 2015"]
[Site "Pattaya THA"]
[Date "2015.04.18"]
[Round "8.7"]
[White "Barbosa, Oliver"]
[Black "Torre, Eugenio"]
[Result "1-0"]
[WhiteTitle "GM"]
[BlackTitle "GM"]
[WhiteElo "2501"]
[BlackElo "2449"]
[WhiteFideId "5201640"]
[BlackFideId "5200016"]
[EventDate "2015.04.12"]
[EventType "swiss"]

1. d4 d5 2. c4 c6 3. Nf3 Nf6 4. e3 Bg4 5. Qb3 Qc7 6. Nc3 e6 7. Nh4 Bh5 8. h3
Nbd7 9. g4 Bg6 10. Nxg6 hxg6 11. g5 dxc4 12. Qxc4 Nd5 13. Bg2 N7b6 14. Qb3 Be7
15. h4 Rd8 16. Bd2 e5 17. Rc1 Qd7 18. Bh3 Qd6 19. Nxd5 Nxd5 20. dxe5 Qxe5 21.
Rc4 b5 22. Rg4 a6 23. O-O c5 24. e4 c4 25. Qf3 Nb4 26. Bc3 Qc7 27. Bxg7 Rh7 28.
Bh6 Nd3 29. Rg3 Qe5 30. Rd1 Qxb2 31. e5 Rxh6 32. gxh6 Qxe5 33. Bf1 Bxh4 34. Rh3
Bxf2+ 35. Kh1 Bd4 36. h7 Ke7 37. Bxd3 cxd3 38. Rh4 f5 39. Kg2 Kf7 40. Rxd3 Qc5
41. Rdxd4 Rxd4 1-0